La ciudad de los magos /

Guardado en:
Autor Principal: Kaufman, Ruth.
Otros Autores: Rojas, Oscar; il.
Formato: Libro
Idioma:Undetermined
Publicado: Buenos Aires : Kapelusz, 1984.
Edición:1a ed.
Series:La manzana roja
Materias:
Etiquetas: Agregar Etiqueta
Sin Etiquetas, Sea el primero en etiquetar este registro!
LEADER 00626nam a22002055a 4500
001 CEM.cems020981
008 240408s1984####ag############000#0#und#d
005 20240408163907.0
245 1 0 |a La ciudad de los magos /  |c Ruth Kaufman ; ilustrado por Oscar Rojas. 
250 |a 1a ed. 
260 |a Buenos Aires :  |b Kapelusz,  |c 1984. 
300 |a 32 p. 
490 1 |a La manzana roja 
020 |a 9501353567 
100 1 |a Kaufman, Ruth. 
700 1 |a Rojas, Oscar; il. 
653 |a Literatura argentina 
653 |a Literatura infantil 
653 |a Novela infantil 
859 |a CEMS  |b BIB. CEMS - Inicial y Primaria  |h A863.4  |i K162-2  |k IP  |p 802  |t Ej.1